Normal view MARC view
  • Gupta, B. Brij

Entry Personal Name

Number of records used in: 1

001 - CONTROL NUMBER

  • control field: 111532

003 - CONTROL NUMBER IDENTIFIER

  • control field: NUST

005 - DATE AND TIME OF LATEST TRANSACTION

  • control field: 20230329093205.0

008 - FIXED-LENGTH DATA ELEMENTS

  • fixed length control field: 230329|| aca||aabn | a|a d

040 ## - CATALOGING SOURCE

  • Original cataloging agency: NUST
  • Transcribing agency: NUST

100 ## - HEADING--PERSONAL NAME

  • Personal name: Gupta, B. Brij

670 ## - SOURCE DATA FOUND

  • Source citation: Work cat.: (NUST): Gupta, B. Brij., A Beginner’s Guide to Internet of Things Security: Attacks, Applications, Authentication, and Fundamentals /, 2020.
© 2023 Central Library, National University of Sciences and Technology. All Rights Reserved.